000 00445nam a2200157Ia 4500
008 230711s9999||||xx |||||||||||||| ||und||
041 _aENG
082 _a624
_bBU-I
100 _aBureau of Indian Standard
245 0 _aIS : 5525 1969
_brecommendation for detailing of reinforced in reinforeced concrete works
250 _a1st
260 _c1969
_aNew Delhi
_bBureau of Indian Standard
300 _a29
650 _aArchitecture
942 _cBK
999 _c1533
_d1533